000 01242pam a2200313 a 4500
999 _c771
_d771
001 3450048
003 GZU
005 20200914102723.0
008 920707s1993 enkb b 001 0 eng
010 _a 92023256
020 _a0908311826
040 _aDLC
_cDLC
_dDLC
043 _af-rh---
050 0 0 _aDT2988
_b.G64 1993
082 0 0 _a968.91/04
_220
100 1 _aGodwin, Peter,
_d1957-
245 1 0 _a'Rhodesians never die' :
_bthe impact of war and political change on White Rhodesia, c. 1970-1980 /
_cPeter Godwin and Ian Hancock.
260 _aOxford ;
_aNew York :
_bOxford University Press,
_c1993.
300 _axiv, 400 p. :
_bmaps ;
_c24 cm.
504 _aIncludes bibliographical references (p. [383]-390) and index.
650 0 _aWhites
_zZimbabwe
_xPolitics and government.
651 0 _aZimbabwe
_xHistory
_yChimurenga War, 1966-1980.
651 0 _aZimbabwe
_xEthnic relations.
700 1 _aHancock, Ian,
_d1940-
856 4 2 _3Publisher description
_uhttp://www.loc.gov/catdir/enhancements/fy0639/92023256-d.html
906 _a7
_bcbc
_corignew
_d1
_eocip
_f19
_gy-gencatlg
942 _2lcc
_cBK
_h2988
_iGOD
_kDT